<?xml version="1.0" encoding="UTF-8"?>
<marc:record xmlns:marc="http://www.loc.gov/MARC21/slim">
   <marc:leader>00000nam a2200000 a 4500</marc:leader>
   <marc:datafield ind1="1" ind2=" " tag="100">
      <marc:subfield code="a">Irwin, Sophie</marc:subfield>
      <marc:subfield code="4">aut</marc:subfield>
      <marc:subfield code="e">Verfasser/-in</marc:subfield>
   </marc:datafield>
   <marc:datafield ind1="1" ind2=" " tag="100">
      <marc:subfield code="a">Koblischke, Kristina</marc:subfield>
      <marc:subfield code="4">trl</marc:subfield>
      <marc:subfield code="e">Übersetzer/-in</marc:subfield>
   </marc:datafield>
   <marc:datafield ind1="0" ind2="0" tag="245">
      <marc:subfield code="a">Wie man sich einen Lord angelt</marc:subfield>
   </marc:datafield>
   <marc:datafield ind1=" " ind2="1" tag="264">
      <marc:subfield code="a">München</marc:subfield>
      <marc:subfield code="b">Knaur</marc:subfield>
      <marc:subfield code="c">2022</marc:subfield>
   </marc:datafield>
   <marc:datafield ind1="1" ind2=" " tag="490">
      <marc:subfield code="a">Der Lady's Guide</marc:subfield>
      <marc:subfield code="v">1</marc:subfield>
   </marc:datafield>
   <marc:datafield ind1=" " ind2=" " tag="250">
      <marc:subfield code="a">1. Auflage</marc:subfield>
   </marc:datafield>
   <marc:datafield ind1="1" ind2=" " tag="520">
      <marc:subfield code="a">Angaben aus der Verlagsmeldung##Wie man sich einen Lord angelt A Lady's Guide to Fortune-Hunting Irwin, Wie man sich einen Lord angelt / von Sophie Irwin##Eintauchen ins romantische London der Regency-Zeit: Der »Lady's Guide« ist ein bezaubernder historischer Liebesroman mit einer herrlich schlagfertigen Heldin.##Kitty Talbot ist jung, hübsch und clever  leider aber auch arm wie eine Kirchenmaus. Als ihr Verlobter sie sitzen lässt, stehen Kitty und ihre vier Schwestern vor dem Ruin, denn die Spielschulden ihres verstorbenen Vaters können sie aus eigener Kraft niemals begleichen. Also wagt Kitty sich für ihre Schwestern auf das gefährlichste Schlachtfeld im England des Jahres 1818: die Bälle der Lords und Ladys in London. Obwohl die unkonventionelle Kitty sich mindestens so viele Feinde wie Freunde macht, erliegt bald ein märchenhaft reicher Junggeselle ihrem Charme. Doch dessen älterer Bruder, Lord Radcliffe, durchschaut Kittys Spiel und unternimmt alles, um eine Hochzeit zu verhindern. Eigentlich wäre Lord Radcliffe ein wunderbar ebenbürtiger Gegner für Kitty  hätte die Liebe nicht längst ihre eigenen Pläne ##Hoch romantisch, voller historischem Charme und dabei erfrischend zeitgemäß: Sophie Irwins historischer Liebesroman ist die perfekte Mischung aus Jane-Austen-Nostalgie und der Netflix-Serie »Bridgerton«.</marc:subfield>
   </marc:datafield>
   <marc:datafield ind1=" " ind2=" " tag="020">
      <marc:subfield code="a">9783426529188</marc:subfield>
      <marc:subfield code="9">9783426529188</marc:subfield>
   </marc:datafield>
   <marc:datafield ind1=" " ind2=" " tag="041">
      <marc:subfield code="a">ger</marc:subfield>
   </marc:datafield>
   <marc:datafield ind1=" " ind2=" " tag="300">
      <marc:subfield code="a">351 Seiten</marc:subfield>
   </marc:datafield>
</marc:record>
